[Event "CAN-op"]
[Site "Kapuskasing CAN"]
[Date "2003.07.15"]
[Round "5"]
[White "Hauchard, Arnaud"]
[Black "Porper, Edward"]
[Result "1-0"]
[WhiteElo "2496"]
[BlackElo "2435"]
[PlyCount "91"]
[EventDate "2003.07.12"]
[EventType "swiss"]
[EventRounds "9"]
[EventCountry "CAN"]

1. g3 d5 2. Bg2 c6 3. Nf3 Nf6 4. O-O Bg4 5. d3 Nbd7 6. Nbd2 e5 7. h3 Bh5 8. e4
dxe4 9. dxe4 Bc5 10. c3 a5 11. Qc2 O-O 12. Nc4 Qc7 13. Ne3 Rfd8 14. Nf5 Ne8 15.
Bd2 f6 16. b4 Bf8 17. a3 Bf7 18. c4 Nb6 19. Ne3 axb4 20. axb4 c5 21. b5 Nd6 22.
Ba5 Rxa5 23. Rxa5 Nbxc4 24. Nxc4 Nxc4 25. Raa1 Nd6 26. Rfb1 c4 27. Nd2 Rc8 28.
Nf1 Qc5 29. b6 Rc6 30. Ne3 Rxb6 31. Rxb6 Qxb6 32. Ra8 Qc5 33. Qa4 Be6 34. Bf3
Qb5 35. Qa7 Qd7 36. Bg4 Bxg4 37. hxg4 Kf7 38. Qb8 Be7 39. Qg8+ Kg6 40. Nf5 Nxf5
41. gxf5+ Kh6 42. Qxc4 Qc6 43. Qf7 Qxe4 44. Rg8 Qg4 45. Qxe7 b5 46. Qxf6+ 1-0

[Event "CAN-op"]
[Site "Kapuskasing CAN"]
[Date "2003.07.11"]
[Round "7"]
[White "Quan Zhe"]
[Black "Porper, Edward"]
[Result "1/2-1/2"]
[WhiteElo "2465"]
[BlackElo "2435"]
[PlyCount "113"]
[EventDate "2003.07.12"]
[EventType "swiss"]
[EventRounds "9"]
[EventCountry "CAN"]

1. d4 d5 2. c4 c6 3. Nc3 Nf6 4. e3 e6 5. Nf3 Nbd7 6. Qc2 Bd6 7. g4 Bb4 8. Bd2
Bxc3 9. Bxc3 Ne4 10. cxd5 exd5 11. Bd3 Nxc3 12. Qxc3 Qf6 13. Ke2 Qd6 14. g5 Nf8
15. Rhg1 Be6 16. Rac1 Nd7 17. h4 g6 18. b4 a6 19. a3 h5 20. Kd2 Bg4 21. Ne5
Nxe5 22. dxe5 Qe6 23. Qd4 Bf5 24. Bxf5 Qxf5 25. Ke2 O-O 26. Qf4 Qe6 27. Qf6 Qh3
28. Qf4 Rfe8 29. a4 Qe6 30. Rgd1 Qxe5 31. Qxe5 Rxe5 32. b5 axb5 33. axb5 Ra2+
34. Rd2 Rxd2+ 35. Kxd2 Re6 36. Kd3 Kf8 37. bxc6 bxc6 38. Ra1 Re4 39. Ra6 Rxh4
40. Rxc6 Rc4 41. Ra6 Ke7 42. f4 Rb4 43. Ra7+ Kf8 44. Ra8+ Ke7 45. Ra5 Rb3+ 46.
Kd4 Rb2 47. Rxd5 Rd2+ 48. Ke4 Rxd5 49. Kxd5 Kf8 50. Ke5 Ke7 51. f5 Kd7 52. fxg6
fxg6 53. Kd5 Kc7 54. Ke5 Kc6 55. Ke4 Kd7 56. Kf4 Kd6 57. Kf3 1/2-1/2

[Event "CAN-op"]
[Site "Kapuskasing CAN"]
[Date "2003.07.18"]
[Round "8"]
[White "Porper, Edward"]
[Black "Gersov, Evgeny"]
[Result "1-0"]
[WhiteElo "2435"]
[BlackElo "2352"]
[PlyCount "87"]
[EventDate "2003.07.12"]
[EventType "swiss"]
[EventRounds "9"]
[EventCountry "CAN"]

1. d4 Nf6 2. Nf3 c5 3. d5 b5 4. Bg5 Ne4 5. Bf4 Qa5+ 6. c3 b4 7. c4 d6 8. Nbd2
Nf6 9. e4 g6 10. Bd3 Bg7 11. Nb3 Qb6 12. Qd2 Bg4 13. Ng1 a5 14. h3 a4 15. Bh6
Bxh6 16. Qxh6 axb3 17. hxg4 Rxa2 18. Rb1 Qa7 19. g5 Ng4 20. Qh3 Qd7 21. Be2 Ne5
22. Qxb3 Qa4 23. Qxa4+ Rxa4 24. f4 Ned7 25. Nf3 f6 26. Kd2 Kf7 27. Ra1 Ra6 28.
g4 Kg7 29. gxf6+ exf6 30. g5 Rxa1 31. Rxa1 h6 32. gxf6+ Kxf6 33. Rh1 Na6 34.
Bd3 Nc7 35. Ke3 h5 36. Rg1 Rg8 37. Bc2 Re8 38. e5+ dxe5 39. Rxg6+ Kf7 40. Ng5+
Kf8 41. f5 Na8 42. f6 e4 43. Nh7+ Kf7 44. Rg7# 1-0

[Event "CAN-op"]
[Site "Kapuskasing CAN"]
[Date "2003.07.10"]
[Round "9"]
[White "Porper, Edward"]
[Black "Krnan, Tomas"]
[Result "1/2-1/2"]
[WhiteElo "2435"]
[BlackElo "2256"]
[PlyCount "97"]
[EventDate "2003.07.12"]
[EventType "swiss"]
[EventRounds "9"]
[EventCountry "CAN"]

1. d4 Nf6 2. Nf3 d6 3. c4 g6 4. Nc3 Bg7 5. e4 O-O 6. Be2 e5 7. d5 a5 8. Bg5 h6
9. Bh4 Na6 10. Nd2 Qe8 11. b3 Bd7 12. a3 Nh7 13. O-O f5 14. f3 Nf6 15. Bf2 Nh5
16. Re1 Qe7 17. g3 Bf6 18. b4 f4 19. Bf1 fxg3 20. hxg3 Bg5 21. Bg2 axb4 22.
axb4 Nxb4 23. Rxa8 Rxa8 24. Ndb1 Rf8 25. Re2 b6 26. Nb5 Na6 27. N1c3 Ng7 28.
Ra2 Bxb5 29. Nxb5 Nc5 30. Ra7 Ne8 31. Bxc5 bxc5 32. Bh3 h5 33. Be6+ Kh8 34. Qe2
h4 35. gxh4 Bxh4 36. Qg2 Bg5 37. Kf1 Bh6 38. Qg4 Kh7 39. Ke2 Rf4 40. Qg3 Rh4
41. Kd3 Bf4 42. Qg1 Kh6 43. Ra2 Qf8 44. Kc3 Bg5 45. Qg3 Qf6 46. Ra8 Bf4 47. Qg2
Rh2 48. Qg4 Rh4 49. Qg2 1/2-1/2

[Event "CAN-op"]
[Site "Kapuskasing CAN"]
[Date "2003.07.20"]
[Round "10"]
[White "Balbutin, Nelson"]
[Black "Porper, Edward"]
[Result "0-1"]
[WhiteElo "2151"]
[BlackElo "2435"]
[PlyCount "82"]
[EventDate "2003.07.12"]
[EventType "swiss"]
[EventRounds "9"]
[EventCountry "CAN"]

1. Nf3 d5 2. d4 c6 3. c4 Nf6 4. Nc3 e6 5. Bg5 h6 6. Bh4 Be7 7. e3 Ne4 8. Bxe7
Nxc3 9. Bxd8 Nxd1 10. Rxd1 Kxd8 11. Ne5 Ke7 12. cxd5 exd5 13. Rc1 Bf5 14. Bd3
Bxd3 15. Nxd3 Nd7 16. Kd2 Kd6 17. Rc3 Rhe8 18. Nc5 Nxc5 19. dxc5+ Kc7 20. Rhc1
Rad8 21. Rd3 Re4 22. Rd4 f5 23. Rc3 Rde8 24. Rcd3 g5 25. Rxe4 fxe4 26. Ra3 Kb8
27. f3 b6 28. b4 Kb7 29. Rb3 h5 30. h3 Re7 31. Rb1 Ka6 32. a3 Kb5 33. Rc1 Re6
34. fxe4 dxe4 35. Ke2 Re5 36. cxb6 axb6 37. a4+ Kxa4 38. Rxc6 b5 39. Rc5 Rxc5
40. bxc5 Ka5 41. Kd2 b4 0-1

[Event "Anibal op"]
[Site "Linares ESP"]
[Date "2003.03.01"]
[Round "2"]
[White "Porper, Edward"]
[Black "Inarkiev, Ernesto"]
[Result "0-1"]
[WhiteElo "2429"]
[BlackElo "2566"]
[PlyCount "112"]
[EventDate "2003.02.28"]
[EventType "swiss"]
[EventRounds "10"]
[EventCountry "ESP"]
[Source "Mark Crowther"]
[SourceDate "2003.03.03"]

1. d4 Nf6 2. c4 g6 3. Nc3 Bg7 4. e4 d6 5. Be2 O-O 6. Nf3 e5 7. d5 a5 8. Bg5 h6
9. Bh4 Na6 10. Nd2 Qe8 11. a3 Bd7 12. b3 Nh7 13. O-O f5 14. f3 f4 15. Bf2 h5
16. b4 b6 17. c5 bxc5 18. Bxa6 cxb4 19. axb4 Rxa6 20. Qe2 axb4 21. Qxa6 bxc3
22. Nc4 Bb5 23. Qa2 g5 24. Qb3 Bf6 25. Rfb1 Bd7 26. Qxc3 g4 27. Nd2 g3 28. Ba7
Bd8 29. Nf1 h4 30. Ra2 Ng5 31. Rb8 Kh7 32. Rc2 h3 33. hxg3 fxg3 34. Nxg3 hxg2
35. Kxg2 Qf7 36. Rb1 Bh3+ 37. Kh2 Qf4 38. Rh1 Qh4 39. Rf2 Rf6 40. Qe3 Kg8 41.
Qxg5+ Qxg5 42. Kxh3 Rg6 43. Kg2 Qxg3+ 44. Kf1 Qf4 45. Ke2 Bg5 46. Rd1 Bh6 47.
Kf1 Kf8 48. Re1 Ke8 49. Be3 Qxe3 50. Rxe3 Bxe3 51. Rh2 Kf7 52. Ke2 Bb6 53. Rh5
Rg2+ 54. Kd3 Kg6 55. Rf5 Rg5 56. Rf8 Kg7 0-1

[Event "Faakersee op"]
[Site "Latschach AUT"]
[Date "2002.08.10"]
[Round "1"]
[White "Porper, Edward"]
[Black "Turrin, Osvaldo"]
[Result "1-0"]
[WhiteElo "2428"]
[BlackElo "1895"]
[PlyCount "61"]
[EventDate "2002.08.??"]
[EventType "swiss"]
[EventRounds "9"]
[EventCountry "AUT"]
[Source "ChessBase"]
[SourceDate "2005.11.24"]

1. d4 d5 2. c4 e6 3. Nf3 Nf6 4. Nc3 Be7 5. Bf4 O-O 6. e3 c5 7. dxc5 Bxc5 8. Be2
Nc6 9. O-O dxc4 10. Bxc4 b6 11. Qe2 Bb7 12. e4 Nd7 13. Rad1 Qe7 14. a3 a5 15.
e5 h6 16. Ne4 Rfd8 17. Bg3 Qf8 18. Bb5 Ncb8 19. Rd2 Bxe4 20. Qxe4 Ra7 21. Bd3
g6 22. Bc4 Re8 23. Rfd1 Qg7 24. Bb5 f5 25. exf6 Nxf6 26. Qe5 Rf8 27. Rd8 Na6
28. Qxe6+ Kh7 29. Bxa6 Rxd8 30. Rxd8 Rxa6 31. Be5 1-0

[Event "Faakersee op"]
[Site "Latschach AUT"]
[Date "2002.08.11"]
[Round "2"]
[White "Zvan, Ziga"]
[Black "Porper, Edward"]
[Result "0-1"]
[WhiteElo "2128"]
[BlackElo "2428"]
[PlyCount "118"]
[EventDate "2002.08.??"]
[EventType "swiss"]
[EventRounds "9"]
[EventCountry "AUT"]
[Source "ChessBase"]
[SourceDate "2005.11.24"]

1. e4 c5 2. Nf3 Nc6 3. d4 cxd4 4. Nxd4 Qc7 5. Nc3 e6 6. Be2 a6 7. Be3 Nf6 8.
O-O Bb4 9. Bd3 Ne5 10. Bf4 Bxc3 11. bxc3 d6 12. Nf3 O-O 13. Nxe5 dxe5 14. Bd2
Bd7 15. a4 Bc6 16. Re1 a5 17. Re3 Qd7 18. Rg3 Kh8 19. Qf3 Bxe4 20. Bxe4 Qxd2
21. Bxb7 Rad8 22. h3 Qxc2 23. Re1 Qxa4 24. Rxe5 Qd1+ 25. Kh2 Qxf3 26. Rxf3 Rd7
27. Bc6 Rd6 28. Bb5 Rd5 29. Rfe3 Ra8 30. Bc6 Rxe5 31. Rxe5 Ra7 32. Ba4 Nd5 33.
Bc6 Nc7 34. Re4 g6 35. Kg3 Kg7 36. Kf3 Kf6 37. Ke3 Ke7 38. Rd4 Na6 39. Rc4 Kd6
40. Bb5 Nc5 41. Rd4+ Kc7 42. Ba4 e5 43. Rc4 Kb6 44. f4 exf4+ 45. Rxf4 f5 46. g4
g5 47. Rd4 f4+ 48. Kf3 Nxa4 49. Rxa4 Kb5 50. Ra3 Kc4 51. h4 h6 52. hxg5 hxg5
53. Ke4 Re7+ 54. Kf5 f3 55. Kxg5 f2 56. Ra4+ Kd3 57. Rf4 Ke2 58. Kf6 Re3 59. g5
Rf3 0-1

[Event "Faakersee op"]
[Site "Latschach AUT"]
[Date "2002.08.11"]
[Round "3"]
[White "Porper, Edward"]
[Black "Praznik, Anton"]
[Result "0-1"]
[WhiteElo "2428"]
[BlackElo "2237"]
[PlyCount "104"]
[EventDate "2002.08.??"]
[EventType "swiss"]
[EventRounds "9"]
[EventCountry "AUT"]
[Source "ChessBase"]
[SourceDate "2005.11.24"]

1. d4 Nf6 2. c4 c5 3. d5 g6 4. Nc3 d6 5. e4 Bg7 6. h3 O-O 7. Nf3 e6 8. Bd3 exd5
9. cxd5 b5 10. O-O c4 11. Bc2 Re8 12. a3 a6 13. Bf4 Qb6 14. Qd2 Nbd7 15. Be3
Qc7 16. Bh6 Bh8 17. Nd4 Nc5 18. Rae1 Qb6 19. Nf3 Nfd7 20. Qf4 Ne5 21. Nxe5 Bxe5
22. Qh4 Bd7 23. Kh1 Qd8 24. Bg5 f6 25. Bc1 g5 26. Qh5 Qe7 27. h4 g4 28. f4 gxf3
29. gxf3 Kh8 30. f4 Bxc3 31. bxc3 Rg8 32. e5 Nd3 33. Bxd3 cxd3 34. e6 Be8 35.
Qf3 f5 36. Re3 Rg4 37. Qxg4 fxg4 38. f5 Qxh4+ 39. Kg2 Qf6 40. Rxd3 Rc8 41. Be3
Rc4 42. Bd4 Rxd4 43. Rxd4 h5 44. Rdf4 Kh7 45. R1f2 Kh6 46. Re4 Kg5 47. e7 Qxc3
48. f6 Qd3 49. Rff4 Qxd5 50. Kg1 Qc5+ 51. Kf1 Qc1+ 52. Ke2 Qxf4 0-1

[Event "Faakersee op"]
[Site "Latschach AUT"]
[Date "2002.08.12"]
[Round "4"]
[White "Legat, Albert"]
[Black "Porper, Edward"]
[Result "0-1"]
[WhiteElo "1922"]
[BlackElo "2428"]
[PlyCount "40"]
[EventDate "2002.08.??"]
[EventType "swiss"]
[EventRounds "9"]
[EventCountry "AUT"]
[Source "ChessBase"]
[SourceDate "2005.11.24"]

1. g3 d5 2. d4 Nf6 3. Bg2 c6 4. Nd2 Bf5 5. Ngf3 e6 6. Ne5 Nbd7 7. Ndf3 c5 8.
O-O Nxe5 9. Nxe5 cxd4 10. Qxd4 Bd6 11. Qa4+ Ke7 12. Nd3 Qd7 13. Qxd7+ Nxd7 14.
Bd2 Rac8 15. Rfc1 Rc7 16. Bb4 Bxb4 17. Nxb4 Rhc8 18. c3 Nb6 19. f3 d4 20. e4
dxe3 0-1

[Event "Faakersee op"]
[Site "Latschach AUT"]
[Date "2002.08.13"]
[Round "5"]
[White "Porper, Edward"]
[Black "Brauer, Christian"]
[Result "1-0"]
[WhiteElo "2428"]
[BlackElo "2168"]
[PlyCount "99"]
[EventDate "2002.08.??"]
[EventType "swiss"]
[EventRounds "9"]
[EventCountry "AUT"]
[Source "ChessBase"]
[SourceDate "2005.11.24"]

1. d4 d5 2. c4 c6 3. Nf3 Nf6 4. e3 Bf5 5. Nc3 e6 6. Qb3 Qc7 7. Nh4 Bg6 8. Bd2
Nbd7 9. Rc1 Rc8 10. cxd5 exd5 11. Be2 Be7 12. Bf3 Qb8 13. Nxg6 hxg6 14. h3 Nf8
15. Na4 Ne6 16. Bb4 Qc7 17. Qa3 a5 18. Bxe7 Qxe7 19. Qxe7+ Kxe7 20. Nb6 Rb8 21.
Rc3 Nd7 22. Nxd7 Kxd7 23. O-O Ng5 24. Be2 Ne4 25. Ra3 Ra8 26. Bd3 Rhe8 27. Re1
b5 28. Bc2 Nd6 29. Rd3 a4 30. Re2 Nc4 31. Bb1 f5 32. Rd1 Re6 33. g3 Ke7 34. Bd3
Kf6 35. Rc1 g5 36. b3 Na3 37. Kg2 g6 38. Rc5 axb3 39. axb3 b4 40. Re1 Ke7 41.
Rec1 Kd7 42. Kf3 Rd6 43. h4 gxh4 44. gxh4 Kc7 45. Rh1 Kb6 46. h5 Rh8 47. h6 g5
48. h7 Rf6 49. Rcc1 Rf7 50. Rh6 1-0

[Event "Faakersee op"]
[Site "Latschach AUT"]
[Date "2002.08.14"]
[Round "6"]
[White "Basagic, Zlatko"]
[Black "Porper, Edward"]
[Result "1-0"]
[WhiteElo "2348"]
[BlackElo "2428"]
[PlyCount "75"]
[EventDate "2002.08.??"]
[EventType "swiss"]
[EventRounds "9"]
[EventCountry "AUT"]
[Source "ChessBase"]
[SourceDate "2005.11.24"]

1. e4 c6 2. d3 d5 3. e5 d4 4. f4 h5 5. c4 Bg4 6. Be2 Nh6 7. Bxg4 hxg4 8. h3
Qa5+ 9. Kf1 g3 10. Qf3 Nf5 11. Ne2 Qb6 12. b3 Na6 13. Nxg3 Ne3+ 14. Bxe3 dxe3
15. Nc3 Nb4 16. Rd1 O-O-O 17. Na4 Qa5 18. Qxe3 Nxa2 19. e6 fxe6 20. Qxe6+ Kb8
21. Qe5+ Qxe5 22. fxe5 e6 23. c5 Nb4 24. d4 Nc2 25. Rd2 Ne3+ 26. Kf2 Nd5 27.
Ne2 Be7 28. Rd3 Rdf8+ 29. Ke1 Bg5 30. Rf1 Ne3 31. Rf2 Rxf2 32. Kxf2 Rf8+ 33.
Kg3 Nf1+ 34. Kg4 Be3 35. g3 Rf5 36. b4 Bh6 37. Nf4 Bxf4 38. gxf4 1-0

[Event "Faakersee op"]
[Site "Latschach AUT"]
[Date "2002.08.15"]
[Round "7"]
[White "Porper, Edward"]
[Black "Hafner, Robert"]
[Result "1-0"]
[WhiteElo "2428"]
[BlackElo "2145"]
[PlyCount "79"]
[EventDate "2002.08.??"]
[EventType "swiss"]
[EventRounds "9"]
[EventCountry "AUT"]
[Source "ChessBase"]
[SourceDate "2005.11.24"]

1. d4 d5 2. c4 c6 3. Nf3 Nf6 4. Nc3 dxc4 5. e4 b5 6. e5 Nd5 7. Ng5 e6 8. Qh5 g6
9. Qf3 Qc7 10. Be2 h6 11. Nge4 Nd7 12. Bf4 Bb7 13. O-O a6 14. a4 b4 15. Nb1 c5
16. Nbd2 f5 17. Nd6+ Bxd6 18. exd6 Qc6 19. Be5 Nxe5 20. dxe5 c3 21. bxc3 Nxc3
22. Qxc6+ Bxc6 23. Bc4 Bd5 24. a5 Kd7 25. Rfe1 Rhb8 26. Re3 Bxc4 27. Nxc4 Nd5
28. Rd3 Ra7 29. Kf1 Rab7 30. Rb3 Kc6 31. Ke1 Nc3 32. Kd2 Nb5 33. Kd3 g5 34. f3
f4 35. Rc1 Nc3 36. Rbxc3 bxc3 37. Nb6 Rxb6 38. axb6 c2 39. Kxc2 Rxb6 40. d7 1-0

[Event "Faakersee op"]
[Site "Latschach AUT"]
[Date "2002.08.16"]
[Round "8"]
[White "Cetina, Klemen"]
[Black "Porper, Edward"]
[Result "0-1"]
[WhiteElo "2059"]
[BlackElo "2428"]
[PlyCount "94"]
[EventDate "2002.08.??"]
[EventType "swiss"]
[EventRounds "9"]
[EventCountry "AUT"]
[Source "ChessBase"]
[SourceDate "2005.11.24"]

1. e4 c5 2. Nf3 Nc6 3. d4 cxd4 4. Nxd4 Qc7 5. Nc3 e6 6. g3 a6 7. Bg2 Nf6 8. O-O
Be7 9. Kh1 O-O 10. Nb3 b5 11. f4 Bb7 12. e5 Ne8 13. a4 b4 14. Ne4 Rd8 15. Be3
a5 16. Qe2 d6 17. exd6 Nxd6 18. Nxd6 Rxd6 19. Rac1 Nb8 20. c4 Bxg2+ 21. Kxg2
Rfd8 22. Rfd1 Qc6+ 23. Kf2 Rxd1 24. Rxd1 Rxd1 25. Qxd1 Qxa4 26. Qc2 Bf6 27. Bd4
Qc6 28. Bxf6 gxf6 29. Qd3 Qc7 30. Qd4 Kg7 31. Qc5 Qxc5+ 32. Nxc5 Nc6 33. Ke3
Kf8 34. Kd3 Ke7 35. Ke3 f5 36. Kd3 Kd6 37. Nb7+ Kc7 38. Nc5 Nd8 39. Kd4 Kd6 40.
Na4 Nc6+ 41. Ke3 f6 42. Kd3 Nb8 43. Ke3 Nd7 44. Kd4 e5+ 45. Ke3 Kc6 46. fxe5
fxe5 47. b3 Nc5 0-1

[Event "Faakersee op"]
[Site "Latschach AUT"]
[Date "2002.08.17"]
[Round "9"]
[White "Porper, Edward"]
[Black "Okhotnik, Vladimir"]
[Result "1/2-1/2"]
[WhiteElo "2428"]
[BlackElo "2451"]
[PlyCount "169"]
[EventDate "2002.08.??"]
[EventType "swiss"]
[EventRounds "9"]
[EventCountry "AUT"]
[Source "ChessBase"]
[SourceDate "2005.11.24"]

1. b3 d5 2. Bb2 c6 3. g3 Nf6 4. Nf3 Bg4 5. Bg2 Nbd7 6. d3 e6 7. Nbd2 Bc5 8. O-O
O-O 9. e4 a5 10. h3 Bh5 11. a4 Qb6 12. Qe1 Bxf3 13. Nxf3 dxe4 14. dxe4 Rfe8 15.
Rd1 e5 16. Kh2 Bb4 17. Qe2 Qa6 18. Qxa6 Rxa6 19. Nh4 Raa8 20. f4 Nf8 21. fxe5
N6d7 22. Nf3 Re7 23. Rd3 h6 24. Rfd1 Nc5 25. Re3 Ncd7 26. Red3 Nc5 27. Rd4 Nfe6
28. Rd6 Nxe4 29. Rd7 Nf2 30. R1d2 Rxd7 31. Rxd7 Nc5 32. Rd4 Ne6 33. Rd7 Rd8 34.
Rxd8+ Nxd8 35. Bd4 Nd1 36. Bb6 Ne6 37. Nh4 g6 38. Bf3 Nc3 39. Bg4 Nd5 40. Bg1
Kg7 41. Nf3 Kf8 42. Bxe6 fxe6 43. c4 Nc7 44. Be3 Kg7 45. h4 Na6 46. Kg2 Nc5 47.
Nd4 h5 48. Kf3 Kf7 49. Kf4 Nd7 50. Nf3 Bf8 51. Ng5+ Ke7 52. Bc1 Bh6 53. Ba3+ c5
54. Bc1 Bg7 55. Bb2 Nb8 56. Ne4 Bh6+ 57. Kf3 b6 58. Nf6 Bg7 59. Ke4 Nc6 60. Nh7
Bh6 61. Bc3 Kd8 62. Nf6 Ne7 63. Be1 Nf5 64. Bf2 Bc1 65. g4 hxg4 66. Nxg4 Ke7
67. Nh2 Kf7 68. Nf3 Ke7 69. Ne1 Bb2 70. Nf3 Kd7 71. Be3 Nxe3 72. Kxe3 Ke7 73.
Ke4 Bc1 74. Ne1 Bd2 75. Nd3 Kf7 76. Kf3 Kg7 77. Kg4 Kh6 78. Nf2 Bc3 79. Ne4
Bxe5 80. Ng5 Kg7 81. Nxe6+ Kf6 82. Nf4 Bxf4 83. Kxf4 Ke6 84. Ke4 Kd6 85. Kf4
1/2-1/2

[Event "Neckar op"]
[Site "Deizisau GER"]
[Date "2002.03.29"]
[Round "3"]
[White "Sax, Gyula"]
[Black "Porper, Edward"]
[Result "1/2-1/2"]
[WhiteElo "2584"]
[BlackElo "2424"]
[PlyCount "33"]
[EventDate "2002.03.28"]
[EventType "swiss"]
[EventRounds "9"]
[EventCountry "GER"]
[Source "Mark Crowther"]
[SourceDate "2002.04.15"]

1. e4 c6 2. d4 d5 3. e5 Bf5 4. Nc3 e6 5. g4 Bg6 6. Nge2 c5 7. Be3 Nc6 8. dxc5
Nxe5 9. Nf4 Nc6 10. Bg2 Be7 11. Qe2 Bf6 12. h4 Qa5 13. O-O d4 14. g5 dxc3 15.
gxf6 Nxf6 16. bxc3 O-O 17. Bxc6 1/2-1/2

[Event "Neckar op"]
[Site "Deizisau GER"]
[Date "2002.04.01"]
[Round "8"]
[White "Porper, Edward"]
[Black "Polak, Tomas"]
[Result "1/2-1/2"]
[WhiteElo "2424"]
[BlackElo "2482"]
[PlyCount "96"]
[EventDate "2002.03.28"]
[EventType "swiss"]
[EventRounds "9"]
[EventCountry "GER"]
[Source "Mark Crowther"]
[SourceDate "2002.04.15"]

1. d4 Nf6 2. c4 e6 3. Nf3 b6 4. Nc3 Bb4 5. Bg5 Bb7 6. Nd2 h6 7. Bh4 Bxc3 8.
bxc3 d6 9. f3 Nbd7 10. e4 e5 11. Be2 Nf8 12. Bf2 Ng6 13. g3 O-O 14. Nf1 c6 15.
d5 cxd5 16. cxd5 Nd7 17. Ne3 Ne7 18. Qc2 Nc5 19. O-O Bc8 20. Nc4 Qc7 21. f4 f6
22. f5 Ba6 23. Na3 Bxe2 24. Qxe2 Rac8 25. Rfc1 Qd7 26. c4 Rfd8 27. Rab1 Nb7 28.
Rb4 Ra8 29. g4 Kh7 30. Rc3 Rh8 31. Nb5 Nc5 32. Rg3 Kg8 33. Bxc5 dxc5 34. Rbb3
g5 35. Rgd3 Kg7 36. a4 Rhb8 37. Qd2 Rb7 38. h4 gxh4 39. Rh3 Rh8 40. Rxh4 a6 41.
Nc3 Nc6 42. Ne2 Nd8 43. Ng3 Qxa4 44. Qc3 b5 45. Nh5+ Kf7 46. Nxf6 bxc4 47.
Rxb7+ Nxb7 48. Qxe5 Qd1+ 1/2-1/2

[Event "Neckar op"]
[Site "Deizisau GER"]
[Date "2002.04.01"]
[Round "9"]
[White "Farago, Ivan"]
[Black "Porper, Edward"]
[Result "1-0"]
[WhiteElo "2500"]
[BlackElo "2424"]
[PlyCount "67"]
[EventDate "2002.03.28"]
[EventType "swiss"]
[EventRounds "9"]
[EventCountry "GER"]
[Source "Mark Crowther"]
[SourceDate "2002.04.15"]

1. d4 d5 2. c4 Nc6 3. Nc3 dxc4 4. Nf3 Nf6 5. e4 Bg4 6. Be3 e6 7. Bxc4 Bb4 8.
Qc2 O-O 9. Rd1 Qe7 10. O-O Rad8 11. Bb5 Nb8 12. Ne2 c6 13. Bd3 Bxf3 14. gxf3
Ne8 15. Kh1 Ba5 16. Rg1 Rd7 17. f4 Bb6 18. Bc4 Nd6 19. Bd3 f5 20. f3 Rc7 21.
Nc3 Nd7 22. Na4 Ne8 23. Nc5 Bxc5 24. dxc5 Ndf6 25. Bc4 fxe4 26. fxe4 Kh8 27.
Rg5 h6 28. Rg6 Nh5 29. Qc3 Kh7 30. Rdg1 Nxf4 31. Bxf4 Rxf4 32. Rxe6 Qd8 33. e5
Rcf7 34. Qd3+ 1-0

[Event "Schloss op"]
[Site "Werther GER"]
[Date "2002.03.24"]
[Round "4"]
[White "Berelovich, Aleksandar"]
[Black "Porper, Edward"]
[Result "1-0"]
[WhiteElo "2522"]
[BlackElo "2424"]
[PlyCount "97"]
[EventDate "2002.03.22"]
[EventType "swiss"]
[EventRounds "5"]
[EventCountry "GER"]
[Source "Mark Crowther"]
[SourceDate "2002.03.25"]

1. e4 c6 2. d4 d5 3. Nc3 dxe4 4. Nxe4 Bf5 5. Ng3 Bg6 6. h4 h6 7. Nf3 Nd7 8. h5
Bh7 9. Bd3 Bxd3 10. Qxd3 e6 11. Bd2 Qc7 12. O-O-O Bd6 13. Ne4 Ngf6 14. Nxd6+
Qxd6 15. Kb1 Qd5 16. c4 Qe4 17. Qxe4 Nxe4 18. Be3 Nef6 19. Ne5 Rd8 20. f3 O-O
21. Kc2 Nb6 22. b3 Nfd7 23. Rhe1 Rfe8 24. Bf2 Nf8 25. a4 Nc8 26. Kc3 f6 27. Nd3
Kf7 28. a5 Nd6 29. Rd2 Nd7 30. Rde2 a6 31. g4 Re7 32. Bg3 Nc8 33. Bf4 Rde8 34.
Kc2 Rd8 35. Bc1 Ree8 36. Kc3 Na7 37. Ba3 Nc8 38. Bc5 b6 39. axb6 Ncxb6 40. Bxb6
Nxb6 41. Nc5 Rd6 42. Ra1 e5 43. dxe5 Rxe5 44. Rxe5 fxe5 45. Rxa6 Nc8 46. Ne4
Re6 47. Kb4 Ne7 48. Kc5 g6 49. b4 1-0

[Event "Werther Schloss op-A"]
[Site "Werther GER"]
[Date "2002.03.22"]
[Round "1"]
[White "Porper, Edward"]
[Black "Langer, Wolfgang"]
[Result "1/2-1/2"]
[WhiteElo "2424"]
[BlackElo "2081"]
[PlyCount "76"]
[EventDate "2002.03.22"]
[EventType "swiss"]
[EventRounds "5"]
[EventCountry "GER"]
[Source "ChessBase"]
[SourceDate "2002.05.03"]

1. d4 Nf6 2. c4 c5 3. d5 b5 4. Nd2 d6 5. e4 g6 6. Ngf3 bxc4 7. Bxc4 Bg7 8. O-O
O-O 9. Qe2 Nfd7 10. a4 a5 11. Bb5 Na6 12. Nc4 Nb4 13. Bd2 Nb6 14. Bc3 Nxc4 15.
Qxc4 Rb8 16. Nd2 Bh6 17. Qe2 f5 18. e5 Bg7 19. exd6 exd6 20. Nc4 Bxc3 21. bxc3
Nxd5 22. Qf3 Nf6 23. Rad1 d5 24. Qf4 Be6 25. Qe5 Bf7 26. f3 Be8 27. Qe6+ Kg7
28. Bxe8 Qxe8 29. Qxe8 Rfxe8 30. Nxa5 Ra8 31. Nb7 Rxa4 32. Nxc5 Rc4 33. Nd3
Rxc3 34. Nf4 Rc2 35. Rf2 Rxf2 36. Kxf2 Re5 37. Nd3 Re7 38. Nf4 Rd7 1/2-1/2

[Event "Werther Schloss op-A"]
[Site "Werther GER"]
[Date "2002.03.23"]
[Round "2"]
[White "Eisenbeiser, Amadeus"]
[Black "Porper, Edward"]
[Result "0-1"]
[WhiteElo "2117"]
[BlackElo "2424"]
[PlyCount "156"]
[EventDate "2002.03.22"]
[EventType "swiss"]
[EventRounds "5"]
[EventCountry "GER"]
[Source "ChessBase"]
[SourceDate "2002.05.03"]

1. e4 c5 2. Nf3 Nc6 3. d4 cxd4 4. Nxd4 Qc7 5. Nc3 e6 6. Be3 a6 7. Be2 Nf6 8.
Qd2 Bb4 9. f3 d5 10. a3 Bxc3 11. Qxc3 dxe4 12. Nxc6 Qxc6 13. Qxc6+ bxc6 14.
fxe4 e5 15. Bf3 Be6 16. O-O-O O-O 17. Rd6 Rfc8 18. Rhd1 Ne8 19. R6d2 c5 20. h3
Kf8 21. b4 cxb4 22. axb4 Rab8 23. Bc5+ Kg8 24. c3 a5 25. Rb2 axb4 26. cxb4 Nc7
27. Be2 Nb5 28. Bxb5 Rxb5 29. Rd6 h6 30. Rc2 Rbb8 31. Kd2 Kh7 32. Rb6 Ra8 33.
Rd6 Bb3 34. Rb2 Bc4 35. Rc2 Bb5 36. Ke1 Ra3 37. Rcd2 Rca8 38. Kf2 Rb3 39. Rd1
Ra2+ 40. R6d2 Raa3 41. Re1 Ra6 42. Kg1 Rg6 43. Kh2 Ra6 44. Kg1 f6 45. Kf2 Rc3
46. Re3 Rc1 47. Kg3 Rc4 48. Kf3 Ra1 49. g4 Rf1+ 50. Rf2 Rh1 51. Kg3 Bc6 52.
Rfe2 Rf1 53. Rf2 Rg1+ 54. Rg2 Rxg2+ 55. Kxg2 Bxe4+ 56. Kg3 Bc6 57. Kf2 Kg6 58.
Re2 Rf4+ 59. Kg3 Rf3+ 60. Kh2 h5 61. gxh5+ Kxh5 62. Rf2 Rd3 63. Rc2 Bd7 64. Bf8
Rxh3+ 65. Kg2 Rh4 66. Rc7 Rd4 67. b5 Rd2+ 68. Kf3 Bxb5 69. Rxg7 f5 70. Bc5 Rd3+
71. Kf2 f4 72. Re7 Rd2+ 73. Kg1 Rd5 74. Bd6 Rxd6 75. Rxe5+ Kg4 76. Rxb5 Kg3 77.
Rb1 f3 78. Kf1 Rh6 0-1

[Event "Werther Schloss op-A"]
[Site "Werther GER"]
[Date "2002.03.23"]
[Round "3"]
[White "Porper, Edward"]
[Black "Essing, Arnold"]
[Result "1-0"]
[WhiteElo "2424"]
[BlackElo "2311"]
[PlyCount "49"]
[EventDate "2002.03.22"]
[EventType "swiss"]
[EventRounds "5"]
[EventCountry "GER"]
[Source "ChessBase"]
[SourceDate "2002.05.03"]

1. d4 d5 2. c4 e6 3. Nf3 c5 4. cxd5 exd5 5. Nc3 Nc6 6. g3 Nf6 7. Bg2 Be7 8. O-O
O-O 9. dxc5 Bxc5 10. Bg5 d4 11. Bxf6 Qxf6 12. Nd5 Qd8 13. Nd2 Re8 14. Rc1 Bb6
15. Nc4 Bg4 16. Re1 Ba5 17. Nxa5 Qxa5 18. b4 Qxa2 19. b5 Bxe2 20. Rxe2 Rxe2 21.
bxc6 Rxf2 22. Ne7+ Kf8 23. Bd5 Qb2 24. Rb1 Rd2 25. Qf1 1-0